00390nam a2200157Ia 4500001001000000003000500010008004100015010001100056040000900067082002100076100002600097245005600123260001800179300001200197650002300209Para_2607CHAP220125s9999 xx 000 0 und d a201159 cCHAP aPA-C 595.752 B34 aBaker, Arthur Challen aThe aphidae of North América /c Arthur C. Baker a-s.p.i.- :b a81s7 h. aAfididos x E.U.A.